000 00270nam a22001217a 4500
008 180911b xxu||||| |||| 00| 0 eng d
041 _aeng
080 _a371
100 _a25
101 _aEDU
245 _aThe Modern Thesaurus of Synonyms
_cLewis, N
942 _2udc
_cBK
999 _c47679
_d47679